Compendium of Rulings on Bail and Bond/ (Record no. 68819)
[ view plain ]
| 000 -LEADER | |
|---|---|
| fixed length control field | 00806nam a22002657a 4500 |
| 001 - CONTROL NUMBER | |
| control field | 22160489 |
| 003 - CONTROL NUMBER IDENTIFIER | |
| control field | OSt |
| 005 - DATE AND TIME OF LATEST TRANSACTION | |
| control field | 20260218123016.0 |
| 008 - FIXED-LENGTH DATA ELEMENTS--GENERAL INFORMATION | |
| fixed length control field | 210802m20189999ke bv f000 0 eng |
| 010 ## - LIBRARY OF CONGRESS CONTROL NUMBER | |
| LC control number | 2021315451 |
| 035 ## - SYSTEM CONTROL NUMBER | |
| System control number | 22160489 |
| 040 ## - CATALOGING SOURCE | |
| Original cataloging agency | DLC |
| Language of cataloging | eng |
| Description conventions | rda |
| Transcribing agency | DLC |
| 042 ## - AUTHENTICATION CODE | |
| Authentication code | lcode |
| -- | pcc |
| 043 ## - GEOGRAPHIC AREA CODE | |
| Geographic area code | f-ke-- |
| 050 00 - LIBRARY OF CONGRESS CALL NUMBER | |
| Classification number | KSK 4659 |
| Item number | .C66 2018 Vol. 1 |
| 110 ## - MAIN ENTRY--CORPORATE NAME | |
| Corporate name or jurisdiction name as entry element | National Council for Law Reporting (Kenya Law) |
| Relator term | author. |
| 9 (RLIN) | 59101 |
| 245 00 - TITLE STATEMENT | |
| Title | Compendium of Rulings on Bail and Bond/ |
| 250 ## - EDITION STATEMENT | |
| Edition statement | Vol. 1 |
| 260 ## - PUBLICATION, DISTRIBUTION, ETC. (IMPRINT) | |
| Place of publication, distribution, etc | Nairobi, Kenya: |
| Name of publisher, distributor, etc | National Council for Law Reporting; |
| Date of publication, distribution, etc | c2018. |
| 300 ## - PHYSICAL DESCRIPTION | |
| Extent | xv,216pages ; |
| Dimensions | 26 cm. |
| 504 ## - BIBLIOGRAPHY, ETC. NOTE | |
| Bibliography, etc | Includes bibliographical references. |
| 650 #0 - SUBJECT ADDED ENTRY--TOPICAL TERM | |
| Topical term or geographic name as entry element | Bail |
| Geographic subdivision | Kenya |
| Form subdivision | Cases. |
| 9 (RLIN) | 59102 |
| 906 ## - LOCAL DATA ELEMENT F, LDF (RLIN) | |
| a | 7 |
| b | cbc |
| c | origode |
| d | 2 |
| e | ncip |
| f | 20 |
| g | y-gencatlg |
| 942 ## - ADDED ENTRY ELEMENTS (KOHA) | |
| Source of classification or shelving scheme | Library of Congress Classification |
| Koha item type | Books |
| Withdrawn status | Lost status | Source of classification or shelving scheme | Damaged status | Not for loan | Collection code | Home library | Current library | Shelving location | Date acquired | Source of acquisition | Cost, normal purchase price | Total Checkouts | Full call number | Barcode | Date last seen | Copy number | Cost, replacement price | Price effective from | Koha item type |
|---|---|---|---|---|---|---|---|---|---|---|---|---|---|---|---|---|---|---|---|
| Library of Congress Classification | General Circulation | AIU/NEGST - Tony Wilmot Memorial Library | AIU/NEGST - Tony Wilmot Memorial Library | Processing Center | 01/23/2026 | Purchase- National Council for Law Reporting | 19.20 | KSK 4659 .C66 2018 Vol. 1 | T17576W3232 | 02/18/2026 | 1 | 19.20 | 02/18/2026 | Books |
